000 00706cam a22002654a 4500
005 20260322212011.0
008 data
010 _a 99029398
020 _a0783555148
020 _a9780783555140
040 _aDLC
_cDLC
_dDLC
042 _apcc
050 0 0 _aTL515
_b.C36 1999
082 0 0 _a629.13/09
_221
092 _a629.13 C36 1999
245 1 0 _aCentury of flight /
_cTime-Life Books.
260 _aAlexandria, Va. :
_bTime-Life Books,
_cc1999.
300 _a192 p. :
_bill. (some col.) ;
_c29 cm.
440 0 _aOur American century
504 _aIncludes bibliographical references (p. 189-190).
650 0 _aAeronautics
_xHistory.
720 2 _aTime-Life Books.
001 data
999 _c232
_d232